Spreadsheet Modeling and Decision Analysis : A Practical Introduction to Business Analytics /

Contenido: 1) Introducción al modelado y al análisis para las decisiones; 2) Introducción a la optimización y a la programación lineal; 3) Modelado y resolución de problemas de programación lineal en una hoja de cálculo; 4) Análisis de sensibilidad y el método Simplex; 5) Modelado de la red; 6) Prog...

Deskribapen osoa

Gorde:
Xehetasun bibliografikoak
Egile nagusia: Ragsdale, Cliff T. (autor)
Formatua: Liburua
Hizkuntza:ingelesa
Argitaratua: Boston, EUA : Cengage Learning, 2022, c2022
Edizioa:9a edición
Gaiak:
Etiketak: Etiketa erantsi
Etiketarik gabe, Izan zaitez lehena erregistro honi etiketa jartzen!

MARC

LEADER 00000nam^a2200000^a^4500
001 000590092
005 20250521000000.0
009 20260310132901.792
020 |a 978-0-357-13209-8 
037 |a Acervo ITESO - Biblioteca 
041 |a ING 
082 |a 658. 00285  |b RAG 
100 |a Ragsdale, Cliff T.  |e (autor) 
240 1 1 |a [Spreadsheet Modeling and Decision Analysis] 
245 1 0 |a Spreadsheet Modeling and Decision Analysis :  |b A Practical Introduction to Business Analytics /  |c C.T. Ragsdale. 
250 |a 9a edición 
264 4 |a Boston, EUA :  |b Cengage Learning,  |c 2022, c2022 
300 |a XXIII, 884 p. 
336 |a texto  |b txt  |2 rdacontenido 
337 |a sin mediación  |b n  |2 rdamedio 
338 |a volumen  |b nc  |2 rdasoporte 
520 |a Contenido: 1) Introducción al modelado y al análisis para las decisiones; 2) Introducción a la optimización y a la programación lineal; 3) Modelado y resolución de problemas de programación lineal en una hoja de cálculo; 4) Análisis de sensibilidad y el método Simplex; 5) Modelado de la red; 6) Programación lineal de enteros; 7) Programación de metas y optimización de objetivos múltiples; 8) Programación no lineal optimización evolutiva; 9) Análisis de regresión; 10) Análisis discriminante; 11) Series de tiempo predictivas; 12) Introducción a la simulación con Analytic Solver; 13) Teoría de colas; 14) Análisis de decisionesGestión de Proyectos; 15) Gestión de Proyectos. 
521 |a Peticiones 2024 
649 |a XX 
650 |a Empresas -  |x Administración -  |x Aspectos Tecnológicos 
650 |a Inteligencia de Negocios 
650 |a Minería de Datos 
650 |a Análisis de Datos 
650 |a Proceso Analítico en Línea 
650 |a Modelos Matemáticos 
650 |a Métodos de Simulación 
650 |a Toma de Decisiones -  |x Análisis de Información 
650 |a Proceso Administrativo -  |x Dirección 
650 |a Administración 
650 |a Ciencias Administrativas 
910 |a Fondo General 
920 |a Impresos - Libros 
930 |a Colección General 
905 |a 101 
901 |a 0500414579  |b IT1  |c ACC  |i C187451  |u 20250521 
902 |a https://opac.biblio.iteso.mx/vufind/Record/000590092